000 01020nam a2200265 i 4500
001 12177
003 KOSZ 005
005 20220510115008.0
008 070725s1969 pl a f 000 0 pol
015 _aPB 1970/1646
040 _aWA N
_cKOSZ 005/RW
_dKOSZ 005/RW
080 _a378.16:371.64/.69:7.097
245 0 0 _aTelewizja dydaktyczna :
_btelewizja w obwodzie zamkniętym w dydaktyce szkoły wyższej /
_cred. Franciszek Januszkiewicz.
260 _aWarszawa :
_bPaństwowe Wydawnictwo Naukowe,
_c1969.
300 _a267, [1] s., 1 k. tabl. :
_bil., err. ;
_c23 cm.
380 _aKsiążki.
504 _aBibliogr. s. 261-[266].
655 4 _aProgramy telewizyjne
_xstosowanie
_xnauczanie.
650 4 _aNauczanie
650 4 _aPomoce dydaktyczne
700 1 _aJanuszkiewicz, Franciszek.
_eRedakcja
710 2 _aPaństwowe Wydawnictwo Naukowe
_4pbl.
856 _uhttp://koha.tu.koszalin.pl/cgi-bin/koha/opac-detail.pl?biblionumber=12177
_yKatalog online BPK
942 _2UKD
_cKS
999 _c12177
_d12177